Consumer behavior / (Record no. 1549)

000 -LEADER
fixed length control field 00910pam a2200277 a 4500
001 - CONTROL NUMBER
control field 4347200
003 - CONTROL NUMBER IDENTIFIER
control field OSt
005 - DATE AND TIME OF LATEST TRANSACTION
control field 20150317093103.0
008 - FIXED-LENGTH DATA ELEMENTS--GENERAL INFORMATION
fixed length control field 891218s1990 nyu b 001 0 eng
010 ## - LIBRARY OF CONGRESS CONTROL NUMBER
LC control number 89070773
020 ## - INTERNATIONAL STANDARD BOOK NUMBER
International Standard Book Number 0471613525
040 ## - CATALOGING SOURCE
Original cataloging agency DLC
Transcribing agency DLC
Modifying agency DLC
050 00 - LIBRARY OF CONGRESS CALL NUMBER
Classification number HF5415.3.W536 1990
082 00 - DEWEY DECIMAL CLASSIFICATION NUMBER
Classification number 658.8/342
Edition number 20
100 1# - MAIN ENTRY--PERSONAL NAME
Personal name Wilkie, William L.
245 10 - TITLE STATEMENT
Title Consumer behavior /
Statement of responsibility, etc William L. Wilkie.
250 ## - EDITION STATEMENT
Edition statement 2nd ed.
260 ## - PUBLICATION, DISTRIBUTION, ETC. (IMPRINT)
Place of publication, distribution, etc New York :
Name of publisher, distributor, etc Wiley,
Date of publication, distribution, etc c1990.
300 ## - PHYSICAL DESCRIPTION
Extent xxviii, 699, N80 p. ;
Dimensions 24 cm.
504 ## - BIBLIOGRAPHY, ETC. NOTE
Bibliography, etc Includes bibliographical references (p. N1-N80).
650 #0 - SUBJECT ADDED ENTRY--TOPICAL TERM
Topical term or geographic name as entry element Consumer behavior.
856 42 - ELECTRONIC LOCATION AND ACCESS
Materials specified Publisher description
Uniform Resource Identifier <a href="http://www.loc.gov/catdir/enhancements/fy0607/89070773-d.html">http://www.loc.gov/catdir/enhancements/fy0607/89070773-d.html</a>
856 41 - ELECTRONIC LOCATION AND ACCESS
Materials specified Table of contents only
Uniform Resource Identifier <a href="http://www.loc.gov/catdir/enhancements/fy0607/89070773-t.html">http://www.loc.gov/catdir/enhancements/fy0607/89070773-t.html</a>
906 ## - LOCAL DATA ELEMENT F, LDF (RLIN)
a 7
b cbc
c orignew
d 1
e opcn
f 19
g y-gencatlg
942 ## - ADDED ENTRY ELEMENTS (KOHA)
Source of classification or shelving scheme
Koha item type Book
Holdings
Withdrawn status Lost status Source of classification or shelving scheme Damaged status Not for loan Home library Current library Shelving location Date acquired Total Checkouts Total Renewals Full call number Barcode Date last seen Date checked out Copy number Price effective from Koha item type
          Riara University Library Riara University Library General stack 17/03/2015 4 1 HF5415.3.W536 1990 5348/15 11/12/2018 08/11/2018 C.1 17/03/2015 Book

Riara University Library,
P.O. Box 49940-00100,
Nairobi, Kenya.